Poluprovodnikovyje sčetčiki jadernych izlučenij.

Uložené v:
Podrobná bibliografia
Hlavný autor: Dearnaley, G.
Médium: Kniha
Jazyk:Slovak
Vydané: 1966.
Tagy: Pridať tag
Žiadne tagy, Buďte prvý kto otaguje tento záznam!

MARC

LEADER 00000nam a22000004a 4500
001 000526421
005 20161107150939.0
008 161107s1966 xo e 000 0 slo d
040 |a SVKKK  |b slo  |c SVKKK  |e AACR2 
100 1 |a Dearnaley, G. 
245 1 0 |a Poluprovodnikovyje sčetčiki jadernych izlučenij. 
260 |c 1966. 
500 |a Záznam revízie 
910 |a svkkk 
998 |a BK 
090 |g SCKHL  |k Sklad  |a X0.7010  |j 030915  |i 526421-10  |4 Zastaraná  |s Vyradená